Racionalidad, lenguaje y acción : (Registro nro. 7323)

Detalles MARC
000 -LEADER
fixed length control field 02900nam a22003137a 4500
003 - CONTROL NUMBER IDENTIFIER
control field OSt
005 - DATE AND TIME OF LATEST TRANSACTION
control field 20210224161325.0
008 - FIXED-LENGTH DATA ELEMENTS--GENERAL INFORMATION
fixed length control field 210224s2016 ck ||||gr|||| 00| 0dspa d
020 ## - INTERNATIONAL STANDARD BOOK NUMBER
International Standard Book Number 9789587631739
040 ## - CATALOGING SOURCE
Original cataloging agency CO-JMCR
Transcribing agency CO-JMCR
041 0# - LANGUAGE CODE
Language code of text/sound track or separate title spa
082 04 - DEWEY DECIMAL CLASSIFICATION NUMBER
Classification number 149.1 /
Item number A553r
Edition number 23
100 1# - MAIN ENTRY--PERSONAL NAME
Personal name Andrade Uribe, Schumann Javier,
Relator term autor
9 (RLIN) 13921
245 10 - TITLE STATEMENT
Title Racionalidad, lenguaje y acción :
Remainder of title aproximaciones analíticas /
Statement of responsibility, etc. Schumann Javier Andrade Uribe, Tomás Andrés Barrero Guzmán, José Andrés Forero Mora [y otros 4] ; editor José Andrés Forero Mora
250 ## - EDITION STATEMENT
Edition statement Primera edición
260 ## - PUBLICATION, DISTRIBUTION, ETC.
Place of publication, distribution, etc. Bogotá :
Name of publisher, distributor, etc. Uniminuto,
Date of publication, distribution, etc. 2016
300 ## - PHYSICAL DESCRIPTION
Extent xii, 195 páginas ;
Dimensions 23 cm.
490 0# - SERIES STATEMENT
Series statement Problemas de filosofía contemporánea
500 ## - GENERAL NOTE
General note Incluye referencias bibliográficas al final de cada capítulo y notas a pie de página.
505 0# - FORMATTED CONTENTS NOTE
Title Pluralidad del análisis filosófico /
Statement of responsibility José Andrés Forero Mora
Title Racionalidad animal. Un debate psicológico en perspectiva hermenéutica /
Statement of responsibility Miguel Andrés Pérez Jiménez
Title Autoconocimiento, autoconciencia y autoridad de primera persona. Un análisis conceptual /
Statement of responsibility José Andrés Forero Mora
Title Intención, lenguaje y conocimiento práctico /
Statement of responsibility Tomás Andrés Barrero Guzmán
Title Contradicciones y racionalidad: Susana y los viejos jueces y la resurrección de Jesús, un estudio de casos /
Statement of responsibility Susana Gómez Gutiérrez
Title H. Putnam y Ch. Peirce: sobre la bondad de la racionalidad /
Statement of responsibility Anderson Mina Vargas
Title Entre reglas, instituciones y razones para la acción: la discusión Raz-Searle /
Statement of responsibility Laura I. Giraldo Ceballos
Title Análisis argumentativo: el recurso a la piedad en ética /
Statement of responsibility Schumann Javier Andrade Uribe
520 3# - SUMMARY, ETC.
Summary, etc. Los textos que aquí se incluyen tienen como lugar común la cuestión del análisis, aunque ninguno de ellos tematiza ni problematiza directamente esta noción. Cada una de las contribuciones que compone este libro utiliza metodológicamente al menos un tipo de análisis para examinar y desarrollar un problema filosófico determinado. La intención de este libro, entonces, podría ser análoga a la intención que tiene un padre que enseña a su hijo a jugar fútbol mediante la práctica misma del juego. Como el lector mismo podrá observar, cada uno de los textos constituye una muy buena demostración de lo que significa una aproximación analítica -una aproximación a través del análisis filosófico- a un problema. La virtud del libro en su conjunto es que evidencie distintas maneras como se entiende "análisis filosófico" a través de la puesta en marcha del análisis mismo.
650 14 - SUBJECT ADDED ENTRY--TOPICAL TERM
Topical term or geographic name entry element Racionalismo
9 (RLIN) 2336
650 24 - SUBJECT ADDED ENTRY--TOPICAL TERM
Topical term or geographic name entry element Análisis (Filosofía)
9 (RLIN) 13922
650 24 - SUBJECT ADDED ENTRY--TOPICAL TERM
Topical term or geographic name entry element Filosofía del lenguaje
9 (RLIN) 13923
700 1# - ADDED ENTRY--PERSONAL NAME
Personal name Barrero Guzmán, Tomás Andrés,
Relator term autor
9 (RLIN) 13924
700 1# - ADDED ENTRY--PERSONAL NAME
Personal name Forero Mora, José Andrés
Relator term autor
9 (RLIN) 581
700 1# - ADDED ENTRY--PERSONAL NAME
Personal name Forero Mora, José Andrés,
Relator term editor
9 (RLIN) 581
942 ## - ADDED ENTRY ELEMENTS (KOHA)
Source of classification or shelving scheme Dewey Decimal Classification
Koha item type Books
Existencias
Withdrawn status Lost status Source of classification or shelving scheme Damaged status Not for loan Collection code Home library Current library Date acquired Source of acquisition Total Checkouts Full call number Barcode Date last seen Copy number Price effective from Koha item type
    Dewey Decimal Classification     Non-fiction Biblioteca Pública José María del Castillo y Rada Biblioteca Pública José María del Castillo y Rada 05/28/2019 Donación   149.1 / A553r 201809536 05/16/2024 Ej.1 02/24/2021 Books